Закономерности процессов получения нитридов и оксинитридов элементов III и IV групп: учебное пособие
| Autor principal: | |
|---|---|
| Autor corporatiu: | |
| Sumari: | Заглавие с титульного экрана Электронная версия печатной публикации Научно-учебное по инновационно-активизирующему смыслу пособие раскрывает экспериментальные предпосылки обоснования теории устойчиво-прочностной материи на основе моделирования процессов горения высокоэнергетических металлизированных составов в условиях самоинтенсифицирующегося синтеза. Разработано в рамках реализации Инновационной программы ТПУ по направлению «Материаловедение, наноматериалы и нанотехнологии» и предназначено для магистрантов по специальности 240304 (250800) «Химическая технология тугоплавких неметаллических и силикатных материалов». Режим доступа: из корпоративной сети ТПУ |
| Idioma: | rus |
| Publicat: |
Томск, Изд-во ТПУ, 2009
|
| Matèries: | |
| Accés en línia: | http://www.lib.tpu.ru/fulltext2/m/2012/m123.pdf |
| Format: | Electrònic Llibre |
| KOHA link: | https://koha.lib.tpu.ru/cgi-bin/koha/opac-detail.pl?biblionumber=212256 |
MARC
| LEADER | 00000nlm0a2200000 4500 | ||
|---|---|---|---|
| 001 | 212256 | ||
| 005 | 20231101225738.0 | ||
| 035 | |a (RuTPU)RU\TPU\book\231901 | ||
| 090 | |a 212256 | ||
| 100 | |a 20120323d2009 m y0rusy50 ca | ||
| 101 | 0 | |a rus | |
| 102 | |a RU | ||
| 105 | |a a j 001zy | ||
| 135 | |a drnn ---uucaa | ||
| 181 | 0 | |a i | |
| 182 | 0 | |a b | |
| 200 | 1 | |a Закономерности процессов получения нитридов и оксинитридов элементов III и IV групп |e учебное пособие |b Электронный ресурс |f А. А. Громов |g Национальный исследовательский Томский политехнический университет (ТПУ) | |
| 203 | |a Текст |c электронный | ||
| 210 | |a Томск |c Изд-во ТПУ |d 2009 | ||
| 230 | |a 1 компьютерный файл (pdf; 5.01 MB) | ||
| 300 | |a Заглавие с титульного экрана | ||
| 300 | |a Электронная версия печатной публикации | ||
| 330 | |a Научно-учебное по инновационно-активизирующему смыслу пособие раскрывает экспериментальные предпосылки обоснования теории устойчиво-прочностной материи на основе моделирования процессов горения высокоэнергетических металлизированных составов в условиях самоинтенсифицирующегося синтеза. Разработано в рамках реализации Инновационной программы ТПУ по направлению «Материаловедение, наноматериалы и нанотехнологии» и предназначено для магистрантов по специальности 240304 (250800) «Химическая технология тугоплавких неметаллических и силикатных материалов». | ||
| 333 | |a Режим доступа: из корпоративной сети ТПУ | ||
| 337 | |a Adobe Reader | ||
| 452 | 1 | |0 (RuTPU)RU\TPU\book\200026 |y 978-5-98298-514-9 |t Закономерности процессов получения нитридов и оксинитридов элементов III и IV групп |o учебное пособие |f А. А. Громов |g Томский политехнический университет (ТПУ) |c Томск |n Изд-во ТПУ |d 2009 |p 199 с. |a Громов, Александр Александрович | |
| 606 | 1 | |a Нитриды |x Получение |2 stltpush |3 (RuTPU)RU\TPU\subj\32159 |9 54800 | |
| 610 | 1 | |a оксинитриды | |
| 610 | 1 | |a нитридообразование | |
| 610 | 1 | |a микронные порошки | |
| 610 | 1 | |a горение в воздухе | |
| 610 | 1 | |a физико-химические свойства | |
| 610 | 1 | |a применение | |
| 610 | 1 | |a нитридсодержащая керамика | |
| 610 | 1 | |a нанопорошки | |
| 610 | 1 | |a синтез | |
| 610 | 1 | |a реагенты | |
| 610 | 1 | |a добавки | |
| 610 | 1 | |a физико-химическое моделирование | |
| 610 | 1 | |a сжигание | |
| 610 | 1 | |a учебные пособия | |
| 610 | 1 | |a труды учёных ТПУ | |
| 610 | 1 | |a электронный ресурс | |
| 675 | |a 661.5(075.8) |v 3 | ||
| 700 | 1 | |a Громов |b А. А. |c заместитель проректора по международному сотрудничеству Томского политехнического университета |g Александр Александрович |2 stltpush |3 (RuTPU)RU\TPU\pers\26810 | |
| 712 | 0 | 2 | |a Национальный исследовательский Томский политехнический университет (ТПУ) |c (2009- ) |2 stltpush |3 (RuTPU)RU\TPU\col\15902 |
| 801 | 1 | |a RU |b 63413507 |c 20100909 | |
| 801 | 2 | |a RU |b 63413507 |c 20130115 |g RCR | |
| 856 | 4 | |u http://www.lib.tpu.ru/fulltext2/m/2012/m123.pdf | |
| 942 | |c CF | ||